Shifting shores (Record no. 106473)
[ view plain ]
| 000 -LEADER | |
|---|---|
| fixed length control field | 01472cam a2200217 4500 |
| 001 - CONTROL NUMBER | |
| control field | L136682 |
| 008 - FIXED-LENGTH DATA ELEMENTS--GENERAL INFORMATION | |
| fixed length control field | 070215n2007 000 0 eng u |
| 035 ## - SYSTEM CONTROL NUMBER | |
| System control number | (Sirsi) u136682 |
| 041 1# - LANGUAGE CODE | |
| Language code of text/sound track or separate title | eng |
| -- | wel |
| 050 ## - LIBRARY OF CONGRESS CALL NUMBER | |
| Classification number | 333.9164 $2 18 |
| 110 2# - MAIN ENTRY--CORPORATE NAME | |
| Corporate name or jurisdiction name as entry element | National Trust |
| 9 (RLIN) | 1987 |
| 245 00 - TITLE STATEMENT | |
| Title | Shifting shores |
| Remainder of title | living with a changing coastline |
| Medium | [electronic resource] |
| 260 ## - PUBLICATION, DISTRIBUTION, ETC. | |
| Place of publication, distribution, etc. | Cardiff |
| Name of publisher, distributor, etc. | National Trust |
| Date of publication, distribution, etc. | 2007 |
| 520 ## - SUMMARY, ETC. | |
| Summary, etc. | Shows that more than 70% of the National Trust's coastline in Wales, much of it internationally renowned, could be severely affected by coastal erosion and flooding in the next 100 years. Calls for policy-makers to take urgent action to put in place coherent, long-term planning to address the massive impacts of future sea level rise and to enable affected communities, businesses and natural environments to adapt. The report draws on the Trust's experience as the UK's largest owner of coastline and highlights issues to be addressed by the Welsh Assembly Government's plans for adapting to climate change, and forthcoming legislation for the marine environment. |
| 590 ## - LOCAL NOTE (RLIN) | |
| Local note | KA |
| 651 #4 - SUBJECT ADDED ENTRY--GEOGRAPHIC NAME | |
| Geographic name | Wales |
| Chronological subdivision | 1998-2007 |
| 690 ## - LOCAL SUBJECT ADDED ENTRY--TOPICAL TERM (OCLC, RLIN) | |
| Topical term or geographic name as entry element | ENVIRONMENTAL AND LAND CONSULTANCY-ENVIRONMENTAL MANAGEMENT-ENVIRONMENTAL CONSERVATION |
| 690 ## - LOCAL SUBJECT ADDED ENTRY--TOPICAL TERM (OCLC, RLIN) | |
| Topical term or geographic name as entry element | Planning and development |
| 9 (RLIN) | 6259 |
| 856 40 - ELECTRONIC LOCATION AND ACCESS | |
| Uniform Resource Identifier | <a href="https://www.nationaltrust.org.uk/main/w-global/w-localtoyou/w-wales/w-wales-news-shifting_shores.htm">https://www.nationaltrust.org.uk/main/w-global/w-localtoyou/w-wales/w-wales-news-shifting_shores.htm</a> |
| Public note | View the report free of charge at www.nationaltrust.org.uk... |
| 942 ## - ADDED ENTRY ELEMENTS (KOHA) | |
| Suppress in OPAC | 0 |
| Withdrawn status | Lost status | Source of classification or shelving scheme | Damaged status | Not for loan | Home library | Current library | Shelving location | Date acquired | Total Checkouts | Full call number | Barcode | Date last seen | Copy number | Price effective from | Koha item type |
|---|---|---|---|---|---|---|---|---|---|---|---|---|---|---|---|
| Dewey Decimal Classification | Virtual | Virtual | Online | 15/02/2007 | ONLINE PUBLICATION | 136682-1001 | 06/08/2019 | 1 | 06/08/2019 | Book |